Statystyki dla Zwierzęta - emoji

Kliknij tutaj aby rozwiązać quiz!

Ogólne statystyki

  • Ten quiz został rozwiązany 2 575 razy
    (219 od ostatniego zresetowania)
  • Średni wynik to 40 z 93

Statystyki odpowiedzi

EmojiZwierzę% Poprawnych
Pies
93%
Kot
92%
Lew
78%
Wąż
77%
Tygrys
75%
Krowa
72%
Koń
68%
Małpa
66%
Słoń
66%
Żyrafa
66%
Rekin
65%
Świnia
65%
Żaba
65%
Mysz
64%
Delfin
63%
Kura
60%
Papuga
60%
Wieloryb
60%
Chomik
57%
Jaszczurka
57%
Krokodyl
57%
Pająk
57%
Zebra
57%
Lis
56%
Owca
56%
Żółw
56%
Królik
53%
Niedźwiedź
53%
Wilk
53%
Orzeł
52%
Goryl
50%
Hipopotam
50%
Kaczka
50%
Jeleń
49%
Wielbłąd
49%
Motyl
48%
Jednorożec
47%
Koza
47%
Krab
47%
Łoś
47%
Szczur
47%
Mrówka
46%
Panda
46%
Pszczoła
46%
Nosorożec
45%
Lampart
44%
Pingwin
44%
Wiewiórka
44%
Jeż
42%
Foka
41%
Biedronka
40%
Koala
40%
Smok
40%
Mucha
39%
Ośmiornica
39%
Flaming
38%
Komar
38%
Ślimak
38%
Kangur
37%
Mamut
37%
Lama
36%
Nietoperz
36%
Sowa
36%
Bóbr
34%
Dżdżownica
34%
Paw
34%
Borsuk
32%
Gołąb
32%
Osioł
31%
Żuk
31%
Leniwiec
30%
Gęś
28%
Tyranozaur
28%
Indyk
27%
Wydra
27%
Meduza
26%
Bawół
24%
Dodo
24%
Skorpion
24%
Skunks
23%
Homar
22%
Łabędź
22%
Krewetka
20%
Orangutan
19%
Rozdymka
18%
Konik polny
16%
Bizon
15%
Karaluch
13%
Kałamarnica
12%
Diplodok
9%
Szop pracz
9%
Gąbka
5%
Koralowiec
3%

Rozkład punktacji

Percentyl według liczby udzielonych odpowiedzi

Procent ludzi z każdym wynikiem

Twoja historia wyników

Nie rozwiązałeś tego quizu od ostatniego zresetowania